Anatomía dental y oclusión (Registro nro. 538)

Detalles MARC
000 -CABECERA
campo de control de longitud fija 00537aam a2200205 4500
005 - FECHA Y HORA DE ACTUALIZACIÓN
campo de control 20160905145927.0
008 - LONGITUD FIJA
campo de control de longitud fija 150806b xxu||||| |||| 00| 0 spa d
041 ## - IDIOMA
Código de idioma del texto/pista de sonido o título separado
082 ## - CLASIFICACIÓN DECIMAL DEWEY
Número de clasificación 617.602 K91a
100 ## - AUTOR PERSONAL
Nombre de persona Kraus, Bertram
100 ## - AUTOR PERSONAL
Nombre de persona Jordan, Ronald
100 ## - AUTOR PERSONAL
Nombre de persona Abrams, Leonard
245 ## - TÍTULO PROPIAMENTE DICHO
Título Anatomía dental y oclusión
260 ## - PIE DE IMPRENTA
Lugar de publicación, distribución, etc. México
260 ## - PIE DE IMPRENTA
Nombre del editor, distribuidor, etc. Nueva editorial Interamericana
300 ## - DESCRIPCIÓN FÍSICA
Extensión 312 páginas
650 ## - Materia General
Materia general ANATOMIA DENTAL
650 ## - Materia General
Materia general OCLUSIÓN
942 ## - Punto de Acceso Adicional Koha
Tipo de ítem Koha Libro
Existencias
Estado perdido Estado dañado No para préstamo Biblioteca permanente Biblioteca actual Signatura completa Código de barras Precio efectivo a partir del Tipo de ítem
      Departamento de Biblioteca y Documentación Alfonso Chase Brenes Departamento de Biblioteca y Documentación Alfonso Chase Brenes 617.602 K91a 1157 05/09/2016 Libro